00778 a2200145 4500003000500000005001700005040000900022082001000031245007500041260003000116300001000146505044400156650002100600651001100621Nust20170207154009.0 cNust a004.6 aManaging CISCO Network Security (E-BOOK)bBUILDING ROCK-SOLID NETWORKS aSyngress Publishingc2000 a497 p aChapter 1 Introduction to IP Network Security 1 Chapter 2 Traffic Filtering on the Cisco IOS 47 Chapter 3 Network Address Translation (NAT) 99 Chapter 4 Cisco PIX Firewall 131 Chapter 5 Virtual Private Networks 189 Chapter 6 Cisco Authentication, Authorization, and Accounting Mechanisms 233 Chapter 7 Intrusion Detection 289 Chapter 8 Network Security Management 341 Chapter 9 Security Processes and Managing Cisco Security Fast Track 407 aNetwork security aE-BOOK